书目信息 |
| 题名: |
中华二千年史
|
|
| 作者: | 邓之诚 著 ;任梦一 , 陈虎 点校 | |
| 分册: | 卷三 隋唐五代 | |
| 出版信息: | 北京 中华书局 2019 |
|
| 页数: | 368页 | |
| 开本: | 21cm | |
| 丛书名: | ||
| 单 册: | ||
| 中图分类: | K22 , K241 | |
| 科图分类: | ||
| 主题词: | 中国历史--zhong guo li shi--古代史 , 隋唐时代--sui tang shi dai--历史 , 五代十国时期--wu dai shi guo shi qi--历史 | |
| 电子资源: | ||
| ISBN: | 978-7-101-13844-3 | |
| 000 | 00993nam0 2200289 450 | |
| 001 | 011029202414 | |
| 005 | 20211031090829.51 | |
| 010 | @a978-7-101-13844-3@dCNY36.00(全9册320.00) | |
| 100 | @a20190910d2019 em y0chiy0120 ea | |
| 101 | 0 | @achi |
| 102 | @aCN@b110000 | |
| 105 | @ay z 000yy | |
| 106 | @ar | |
| 200 | 1 | @a中华二千年史@Azhong hua er qian nian shi@h卷三@i隋唐五代@f邓之诚著@g任梦一,陈虎点校 |
| 210 | @a北京@c中华书局@d2019 | |
| 215 | @a368页@d21cm | |
| 330 | @a本书介绍了隋唐五代的历史,内容包括:隋世系(附帝系表)、隋唐之际、唐世系(附帝系表)、五代十国。 | |
| 606 | 0 | @a中国历史@Azhong guo li shi@x古代史 |
| 606 | 0 | @a隋唐时代@Asui tang shi dai@x历史 |
| 606 | 0 | @a五代十国时期@Awu dai shi guo shi qi@x历史 |
| 690 | @aK22@v5 | |
| 690 | @aK241@v5 | |
| 701 | 0 | @a邓之诚@Adeng zhi cheng@f(1887-1960)@4著 |
| 702 | 0 | @a任梦一@Aren meng yi@4点校 |
| 702 | 0 | @a陈虎@Achen hu@c(历史学)@4点校 |
| 801 | 0 | @aCN@b百万庄@c20211029 |
| 905 | @b1312527-28@dK22@e156:3@f2 | |
| 中华二千年史.卷三.隋唐五代/邓之诚著/任梦一,陈虎点校.-北京:中华书局,2019 |
| 368页;21cm |
| ISBN 978-7-101-13844-3:CNY36.00(全9册320.00) |
| 本书介绍了隋唐五代的历史,内容包括:隋世系(附帝系表)、隋唐之际、唐世系(附帝系表)、五代十国。 |
| ● |
| 相关链接 |
|
|
|
|
正题名:中华二千年史
索取号:K22/156:3
 
预约/预借
| 序号 | 登录号 | 条形码 | 馆藏地/架位号 | 状态 | 备注 |
| 1 | 1312527 | 213125278 | 第二样本阅览室/ [索取号:K22/156:3] | 在馆 | |
| 2 | 1312528 | 213125287 | 第二借阅区/ [索取号:K22/156:3] | 在馆 |